Obaly z nekonečné vícevrstvé lepenky

Flexibilné a pre podnikovú logistiku efektívne postupy balenia do tzv. nekonečnej vlnitej lepenky. Výroba nekonečnej vlnitej lepenky. Zpracovateľské zariadenia nekonečnej vlnitej lepenky. Využívanie vlnitej lepenky v priemyselných podnikoch.

Guardado en:
Detalles Bibliográficos
Autor principal: Vítek, Miloslav
Formato: Capítulo de libro
Lenguaje:checo
Materias:
Etiquetas: Agregar Etiqueta
Sin Etiquetas, Sea el primero en etiquetar este registro!

MARC

LEADER 00000naa a2200000 4500
001 0126166
005 20231129095800.6
041 0 |a cze 
044 |a CZ 
245 1 0 |a Obaly z nekonečné vícevrstvé lepenky  |c Miloslav Vítek 
520 |a Flexibilné a pre podnikovú logistiku efektívne postupy balenia do tzv. nekonečnej vlnitej lepenky. Výroba nekonečnej vlnitej lepenky. Zpracovateľské zariadenia nekonečnej vlnitej lepenky. Využívanie vlnitej lepenky v priemyselných podnikoch. 
610 2 0 |a obaly 
610 2 0 |a technika obalová 
610 2 0 |a balenie 
610 2 0 |a výroba 
610 2 0 |a papier 
100 1 |a Vítek, Miloslav